| 000 | 00713nam a22002537a 4500 | ||
|---|---|---|---|
| 001 | BR7604660 | ||
| 003 | BR-BrBNA | ||
| 005 | 20230928085127.0 | ||
| 007 | ta | ||
| 008 | 230509b bl.||||| |||| 00| 0 por d | ||
| 040 |
_aBR-BrBNA _bpor _cBiblioteca Nacional de Agricultura |
||
| 041 | _a(Por) | ||
| 072 | _aF01 | ||
| 090 | _ F01 BR7604660 | ||
| 110 | 1 |
_aCompanhia de Desenvolvimento do Estado de Goias, Goiania (Brasil) _92350 |
|
| 245 | 1 | _aProjeto diversificacao de culturas | |
| 260 | 3 |
_aGoiania, GO (Brasil): _c[nd]. |
|
| 300 | _a43 p. | ||
| 500 | _aPublished after 1975 | ||
| 650 | _aPRODUTO AGRICOLA | ||
| 650 | _aDIVERSIFICACAO DE CULTURA | ||
| 909 |
_a202309 _bLucia _c55 _dLucia Elande |
||
| 942 | _cBK | ||
| 999 |
_c22926 _d22926 |
||